Normas de instalaciones eléctricas en viviendas de interés social
Guardado en:
| Hovedforfatter: | |
|---|---|
| Andre forfattere: | |
| Format: | Bog |
| Udgivet: |
[San José , Costa Rica]
1990
|
| Fag: | |
| Tags: |
Tilføj Tag
Ingen Tags, Vær først til at tagge denne postø!
|
MARC
| LEADER | 00000nam a2200000Ia 4500 | ||
|---|---|---|---|
| 003 | 004921 | ||
| 005 | 20221231144334.0 | ||
| 008 | 140114s1990 cr a m 000 ||s d | ||
| 040 | |c cru CEDI | ||
| 090 | |a TFG 2311 | ||
| 100 | |a Arauz Centeno, Marco Livio |9 13096 | ||
| 245 | |a Normas de instalaciones eléctricas en viviendas de interés social | ||
| 260 | |c 1990 |a [San José , Costa Rica] | ||
| 300 | |a ix, [118] hojas : ilustraciones ; 28 cm | ||
| 500 | |a Proyecto de graduacion (bachillerato en ingenieria electrica)-- Universidad de Costa Rica. Facultad de Ingenieria. Escuela de Ingenieria Electrica | ||
| 650 | |x ELECTRICIDAD - DISPOSITIVOS DE DISTRIBUCION |x INSTALACIONES ELECTRICAS - EQUIPO ELECTRICO |9 13098 | ||
| 700 | |9 13097 |a Silesky Soto, Carlos Manuel | ||
| 942 | |c TFG | ||
| 999 | |c 20396 |d 20396 | ||
